ბათუმის შოთა რუსთაველის სახელმწიფო უნივერსიტეტის ბიბლიოთეკა

Краткий курс анатомии растении (ბიბ.ჩანაწერი № 46440)

000 -LEADER
fixed length control field 00563nam a2200193Ia 4500
001 - CONTROL NUMBER
control field 13278
003 - CONTROL NUMBER IDENTIFIER
control field GE_BSU
008 - FIXED-LENGTH DATA ELEMENTS--GENERAL INFORMATION
fixed length control field 181216s||||||||xx |||||||||||||| ||und||
040 ## - CATALOGING SOURCE
Transcribing agency GE_BSU
080 ## - UNIVERSAL DECIMAL CLASSIFICATION NUMBER
Universal Decimal Classification number 581(075.8)+581.7(075.8)
100 ## - MAIN ENTRY--PERSONAL NAME
Personal name Ященко-Хмелевский,А.А.
245 ## - TITLE STATEMENT
Title Краткий курс анатомии растении
260 ## - PUBLICATION, DISTRIBUTION, ETC.
Place of publication, distribution, etc. Москва
260 ## - PUBLICATION, DISTRIBUTION, ETC.
Name of publisher, distributor, etc. Высшая школа
260 ## - PUBLICATION, DISTRIBUTION, ETC.
Date of publication, distribution, etc. 1961
300 ## - PHYSICAL DESCRIPTION
Extent 282стр.илл.20см.
653 ## - INDEX TERM--UNCONTROLLED
Uncontrolled term Краткий курс анатомии растении
942 ## - ADDED ENTRY ELEMENTS (KOHA)
Koha item type წიგნი
ეგზემპლარები
Withdrawn status Lost status Damaged status Not for loan Date acquired Barcode Date last seen Price effective from Koha item type
        2018-12-17 20748 2018-12-17 2018-12-17 წიგნი